000 01031nam a22002177a 4500
999 _c17994
_d17994
003 BDDh-ASL
005 20231015025652.0
008 200916b1987 ||||| |||| 00| 0 d
040 _aBDDh-ASL
_cBDDh-ASL
_dBDDh-ASL
041 _abengali
082 _a297.09
_bISL
100 _9833
_aতাসখিরী, মুহাম্মদ আলী
245 0 _aইসলামের দৃষ্টিতে যুদ্ধ ও সন্ধি/
_cমুহাম্মদ আলী তাসখিরী; সিরাজুল হক (অনু.)।
246 _aIslamer Dristite Juddha O Sandhi.
260 _aইরান:
_bসাজেমানে তাবলীগাতে ইসলামী,
_c১৯৮৭।
300 _a৮৬ পৃষ্ঠা:
_c২১ সে. মি.।
504 _aগ্রন্থপঞ্জি সংযুক্ত।
650 0 _9770
_aইসলামিক বিপ্লব
_xইসলাম ধর্ম
700 0 _9802
_aহক, সিরাজুল
942 _2ddc
_cBK